000 00306nam a2200121Ia 4500
008 220217s9999||||xx |||||||||||||| ||und||
082 _a894.814 3 BHA
100 _aBhairappa, S.L
245 0 _aGruha Bhanga
260 _aSahithya Bhandara
_bBangalre
_c2007
300 _b250
650 _aGENERAL BOOKS
999 _c175166
_d175166